000 00840nam a2200241Ia 4500
001 dia_3878
003 CHAP
005 20251029154258.0
008 220117s1999 xx 000 0 und d
010 _a174485
040 _cCHAP
_amxchpua
090 _aFOLLETO 2615
100 1 _aCovarrubias Gutiérrez, Ignacio
_928697
245 _aSecado y envase : manual del trabajador, etapa intensiva y extensiva /
_c Ignacio Covarrubias Gutiérrez
260 _aMéxico :
_b Consejo de Normalización y Certificación de Competencia Laboral (Conocer),
_c1999
300 _a75 p.
500 _aD. \La biblioteca tiene etapa extensiva a y b
650 _aIndustria azucarera
_xCapacitación
_9155515
901 _aFOLLETO 2615
902 _aM
905 _a0000001999 mx A 0000000000spa00
942 _cFOLL
_2local
999 _c174485
_d174485